00435nam a22001217a 4500008004100000020001500041050002000056100002400076245012500100260003600225300001500261650003700276220802b |||||||| |||| 00| 0 eng d a1433530326 aBV6b.M34 2014  aMcGowan, Andrew B.  aAncient Christian Worship:bearly church practies in social, historical, and theological perspective/cAndrew B. McGowan aMichigan bBaker Academicc2014 axiv, 298p. aWorship vhistory xearly church